Регионална библиотека "Любен Каравелов" - Русе

Приказки (Запис номер 413311)

MARC детайли
000 -Лидер
Контролно поле с фиксирана дължина 01067nam a2200289 a 4500
003 - Код на организацията, давaща контролен номер
Контролно поле BLK
005 - Дата и час на последна редакция
Контролно поле 20250614153928.0
008 - Елементи от данни с фиксирана дължина
fixed length control field 180409b bul|||||r ||||||| ||bul||
010 ## - Наследен системен номер
LC control number KNG00146553000
020 ## - Международен стандартен номер на книга ISBN
Международен стандартен номер на книга ISBN 9786197268133
040 ## - Източник на каталожния запис
Идентификатор на билиотеката - собственик на записа BLK
041 ## - Код за език
Код за езика на текст/звукозапис или на отделно заглавие Български
Код за езика КДБФ Български
080 ## - УДК
Текстов определител УДК Датска литература
УДК код - определител по УДК 821.113.4
УДК определител -93-34
УДК - код + определител 821.113.4-93-34
100 ## - Редна дума - Автор
Автор Андерсен, Ханс Кристиан
Дати, свързани с автора 1805 - 1875
R(LIN) 363318
139 ## - Редно поле
Редна дума Андерсен, Ханс Кристиан
Авторски знак Анд - А 65
245 10 - Сведения за заглавието
Заглавие Приказки
Редно поле (дума) Ханс Кристиан Андерсен; прев. Милена Русинова; ил. Кантен Гребан.
257 ## - Страна на издаване
Страна на създаване/издаване България
260 ## - Област на издателските данни
Място на издаване, разпространение и проч. Варна
Име на издателя, разпространителя и проч. Дъбови листа
Година на издаване 2019
Печатница Bilnet
9 (RLIN) 220489
Издателство - префикс ISBN 978-619-7268-
300 ## - Физическа характеристика
Страници 93 с.
Илюстрации и др. с цв. ил.
Размери/Мащаб 24 см
380 ## - Жанр
Жанр Детска худож. лит.
700 ## - Други автори (авторска отговорност)
Лично име Русинова, Милена
Автороска отговорност (Описва отношението между автора и произведението) прев.
9 (RLIN) 966
700 ## - Други автори (авторска отговорност)
Лично име Гребан, Кантен
Автороска отговорност (Описва отношението между автора и произведението) ил.
9 (RLIN) 599
856 4# - Електронен адрес и достъп
Електронен формат pdf - файл
856 4# - Електронен адрес и достъп
Електронен формат pdf - файл
999 ## - СИСТЕМНИ КОНТРОЛНИ НОМЕРА
Koha biblionumber 413311
Koha biblioitemnumber 413311
942 ## - АРТИКУЛИ
Вид на библиотечния материал Книги
Скрит в OPAC Не
Koha issues (borrowed), all copies 34
Периодичен библиозапис Да
944 ## - СЪЗДАВАНЕ И РЕДАКЦИЯ на ЗАПИСА
Служител, извършил регистрацията/редакцията 30543
Статус, дата на статуса Ива Цветкова
Наличности
Код за отписване Код за изгубен артикул Източник на класификационната схема Код за повреда Коз за рестрикции Код за отдаване Артикулен № Име на библиотеката - собственик Име на библиотеката, в която се намира в момента Статус (Текущо местоположение) Дата на вписване в системата Местоположение - отдел Цена в лева Систематично азбучна сигнатура Баркод Цена в евро Служебен тип на артикула
  Не е изгубен Universal Decimal Classification Не е повреден без рестрикции заемане за дома 830344 Регионална библиотека "Любен Каравелов" Русе Регионална библиотека "Любен Каравелов" Русе Детски отдел 2021-05-17 Детски отдел 22.00 821-93/А 65 Х 120000855182 11.25 Книги
  Не е изгубен Universal Decimal Classification Не е повреден без рестрикции заемане за дома 830345 Регионална библиотека "Любен Каравелов" Русе Регионална библиотека "Любен Каравелов" Русе Детски отдел 2021-05-17 Детски отдел 22.00 821-93/А 65 Х 120000855181 11.25 Книги
Vip Innovations Ltd, Rousse, Bulgaria 2025